Laisser faire vagy államszocializmus.

Elmentve itt :
Bibliográfiai részletek
Szerző: Vajda Mihály
Adatforrás:Philobibl
Forrásdokumentuma:Szociálpolitikai Szemle
1915. évf., 311-317.p. p.
Dokumentumtípus: Cikk
Nyelv:magyar
LEADER 00304nab a2200097 c 4500
001 bibDOK00026513
005 20200924122109.6
008 060518s1915 hu hun
100 1 |a Vajda Mihály 
245 1 0 |a Laisser faire vagy államszocializmus.  |c Vajda Mihály 
773 0 |t Szociálpolitikai Szemle  |g 1915. évf., 311-317.p. p.